বাঙালির মুক্তির গান / (Record no. 1610)
[ view plain ]
| 000 -LEADER | |
|---|---|
| fixed length control field | 00651nam a2200205 a 4500 |
| 001 - CONTROL NUMBER | |
| JCCL Control Number | 1610 |
| 003 - CONTROL NUMBER IDENTIFIER | |
| JCCL marc code | BD-JhCC |
| 005 - DATE AND TIME OF LATEST TRANSACTION | |
| control field | 20171022163010.0 |
| 008 - FIXED-LENGTH DATA ELEMENTS--GENERAL INFORMATION | |
| fixed length control field | 171022s2007 bg |||| |||| 000 0 ben d |
| 035 ## - SYSTEM CONTROL NUMBER | |
| system control number | (BD-JhCC)1610 |
| 040 ## - CATALOGING SOURCE | |
| Original cataloging agency | BD-JhCC |
| Modifying agency | BD-JhCC |
| 041 ## - LANGUAGE CODE | |
| Language code of Book | ben |
| 082 ## - DEWEY DECIMAL CLASSIFICATION NUMBER | |
| Classification number | 891.4414 |
| Author mark and Year | SHA 2007 |
| 100 ## - MAIN ENTRY--PERSONAL NAME | |
| Personal name | শাকুর, আবদুশ |
| 245 ## - TITLE STATEMENT | |
| Title | বাঙালির মুক্তির গান / |
| Statement of responsibility, etc | আবদুশ শাকুর |
| 260 ## - PUBLICATION, DISTRIBUTION, ETC. (IMPRINT) | |
| Place of publication, distribution, etc | ঢাকা : |
| Name of publisher, distributor, etc | মাওলা ব্রাদার্স ; |
| Date of publication, distribution, etc | ২০০৭ |
| 300 ## - PHYSICAL DESCRIPTION | |
| Pagination | ১৬০ পৃ. ; |
| Dimensions | ২২ সে.মি. |
| 650 ## - SUBJECT ADDED ENTRY--TOPICAL TERM | |
| Topical term or geographic name as entry element | Patriotic songs |
| 942 ## - ADDED ENTRY ELEMENTS (KOHA) | |
| Source of classification or shelving scheme | Dewey Decimal Classification |
| Koha item type | Books |
| Source of classification or shelving scheme | Damaged status | Not for loan | Home library | Current library | Shelving location | Date of accession | Cost, normal purchase price | Total Checkouts | Full call number | Barcode | Date last seen | Copy number | Koha item type |
|---|---|---|---|---|---|---|---|---|---|---|---|---|---|
| Dewey Decimal Classification | JCC Rouf Library | JCC Rouf Library | General Stacks | 10/22/2017 | 150.00 | 891.4414 SHA 2007 | 2761 | 10/22/2017 | C-1 | Books | |||
| Dewey Decimal Classification | JCC Rouf Library | JCC Rouf Library | General Stacks | 11/19/2017 | 150.00 | 891.4414 SHA 2007 | 5428 | 11/19/2017 | C-2 | Books | |||
| Dewey Decimal Classification | JCC Rouf Library | JCC Rouf Library | General Stacks | 150.00 | 891.4414 SHA 2007 | 10477 | 02/14/2018 | C-3 | Books |